Which Minecraft Mob? #1 - Statistics

General Stats
  • This quiz has been taken 207 times
  • The average score is 9 of 10
Answer Stats
Question Answer % Correct
Which mobs explodes? Creeper
100%
Which mob has a trident? Drowned
100%
Which mobs shoots fireballs? Ghast
100%
Which mob appears if the player hasn't slept for three days? Phantom
98%
What mob loves gold? Piglin
98%
Which mob loves emeralds? Villager
96%
Which mob likes music? Parrots
94%
What mob is made from 3 iron and one pumpkin? Iron Golem
91%
Of which mob is spawned at the End Portal? Silverfish
83%
Which mob has no spine? Blaze
47%
No matching quizzes found
Score Distribution
Percent of People with Each Score
Percentile by Number Answered
Your Score History
You have not taken this quiz